A man wanted: (Record no. 14810)

000 -LEADER
fixed length control field 00584nam a2200193 a 4500
001 - CONTROL NUMBER
control field :::00012644$&:&@@
003 - CONTROL NUMBER IDENTIFIER
control field OkBaRHE
005 - DATE AND TIME OF LATEST TRANSACTION
control field 20000607103421.0
008 - FIXED-LENGTH DATA ELEMENTS--GENERAL INFORMATION
fixed length control field j 000 0 eng u
040 ## - CATALOGING SOURCE
Transcribing agency
100 1# - MAIN ENTRY--PERSONAL NAME
Personal name Harbin, Walter.
245 12 - TITLE STATEMENT
Title A man wanted:
Remainder of title a sermon to men.
260 ## - PUBLICATION, DISTRIBUTION, ETC. (IMPRINT)
Place of publication, distribution, etc Louisville, KY., :
Name of publisher, distributor, etc Pentecostal Publishing Co.
Date of publication, distribution, etc nd
300 ## - PHYSICAL DESCRIPTION
Extent 30 p. ;
Dimensions 19 cm.
650 ## - SUBJECT ADDED ENTRY--TOPICAL TERM
Topical term or geographic name as entry element Men
General subdivision Religious Life
650 ## - SUBJECT ADDED ENTRY--TOPICAL TERM
Topical term or geographic name as entry element Sermons, American
942 ## - ADDED ENTRY ELEMENTS (KOHA)
Source of classification or shelving scheme
Koha item type Books
Copies
Permanent Location Date last seen Full call number Barcode Koha item type Source of classification or shelving scheme Date acquired Shelving location Withdrawn status Price effective from Damaged status Not for loan Lost status Copy number
RHEMA Bible Training College2010-04-14HQ 1090 .H2812644Books 2010-04-14General Stacks 2010-04-14   1